Komponenty transformace čs. ekonomiky ve výhledovém období.

Príspevok k sústreďovaniu poznatkov o rámcových podmienkach vývoja transformácie ekonomiky v jej pokročilejších fázach. Zameranie pozornosti na vybrané prierezy v otázkach makroekonomickej politiky a na výhľad vývoja ekonomiky v najbližšom období.

Salvato in:
Dettagli Bibliografici
Autore principale: Czesaný, Slavoj
Natura: Capitolo di libro
Lingua:ceco
Soggetti:
Tags: Aggiungi Tag
Nessun Tag, puoi essere il primo ad aggiungerne!!

MARC

LEADER 00000naa a2200000 4500
001 r009676
005 20220831084641.9
041 0 |a cze 
044 |a [CS] 
245 1 0 |a Komponenty transformace čs. ekonomiky ve výhledovém období.  |c Slavoj Czesaný 
520 |a Príspevok k sústreďovaniu poznatkov o rámcových podmienkach vývoja transformácie ekonomiky v jej pokročilejších fázach. Zameranie pozornosti na vybrané prierezy v otázkach makroekonomickej politiky a na výhľad vývoja ekonomiky v najbližšom období. 
610 2 0 |a politika hospodárska 
610 2 0 |a transformácia 
610 2 0 |a makroekonomika 
610 2 0 |a ČSFR 
610 2 0 |a výhľad dlhodobý 
610 2 0 |a rozvoj hospodársky 
100 1 |a Czesaný, Slavoj